Normal view
MARC view
- Marangoni, D
Entry Personal Name
001 - CONTROL NUMBER
- control field: 7038
003 - CONTROL NUMBER IDENTIFIER
- control field: OSt
005 - DATE AND TIME OF LATEST TRANSACTION
- control field: 20250130160111.0
008 - FIXED-LENGTH DATA ELEMENTS
- fixed length control field: 250130|| aca||aabn | a|a d
040 ## - CATALOGING SOURCE
- Original cataloging agency: OSt
- Transcribing agency: OSt
100 ## - HEADING--PERSONAL NAME
- Personal name: Marangoni, D
670 ## - SOURCE DATA FOUND
- Source citation: Work cat.: (OSt)8925: Beckwith, Thomas G . 7036, Mechanical measurements / , 1982.
